[Event "Jackson (Prison m)"]
[Site "?"]
[Date "1996.??.??"]
[Round "?"]
[White "Kirkland"]
[Black "Solski, Jeff"]
[Result "0-1"]
[WhiteElo "1605"]
[BlackElo "1605"]
[PlyCount "114"]
[EventDate "1996.??.??"]

{10/5} 1. e4 c5 2. Bc4 Nc6 3. c3 Nf6 4. d3 d6 5. Bg5 e6 6. Qf3 Ne5 7. Qf4 Nxc4
8. dxc4 Be7 9. Bxf6 Bxf6 10. Nf3 Bd7 11. e5 dxe5 12. Nxe5 Qc7 13. Nd3 e5 14.
Qe3 b6 15. Nd2 O-O-O 16. O-O h6 17. Ne4 Bg5 18. Nxg5 hxg5 19. Qxe5 f6 20. Qxc7+
Kxc7 21. f3 Be6 22. Nf2 Rd2 23. b3 f5 24. Rfe1 Bc8 25. Re7+ Rd7 26. Rae1 Kd8
27. R7e5 g6 28. Rd5 Re8 29. Rxe8+ Kxe8 30. Rxd7 Kxd7 31. g4 Ke6 32. Kf1 Ke5 33.
Nd3+ Kf6 34. h3 Bb7 35. Ke2 Ke6 36. b4 cxb4 37. cxb4 Kd6 38. Ke3 a6 39. a4 Ba8
40. c5+ bxc5 41. bxc5+ Kd5 42. a5 Bc6 43. gxf5 gxf5 44. Nb4+ Kxc5 45. Nxc6 Kxc6
46. f4 g4 47. h4 Kd6 48. h5 Ke6 49. Kf2 Kf6 50. Kg3 Kg7 51. Kh4 Kh6 52. Kg3
Kxh5 53. Kg2 Kh4 54. Kf2 Kh3 55. Ke3 g3 56. Kd4 g2 57. Ke5 Kg4 0-1

[Event "Detroit (MI Team/4/3)"]
[Site "?"]
[Date "1996.??.??"]
[Round "?"]
[White "Kirk, A."]
[Black "Walquist, Elaine"]
[Result "0-1"]
[WhiteElo "1605"]
[BlackElo "1750"]
[PlyCount "74"]
[EventDate "1996.??.??"]

{4/(3)} 1. d4 Nf6 2. Nc3 b6 3. Nf3 Bb7 4. e3 e6 5. Bd3 c5 6. dxc5 Bxc5 7. Nd4
O-O 8. O-O Nc6 9. Nxc6 Bxc6 10. f3 d5 11. b3 d4 12. Ne2 dxe3 13. Qe1 Nd5 14.
Kh1 Qf6 15. Rb1 Rad8 16. Qg3 Bd6 17. Bb2 Qh6 18. Qh3 Qxh3 19. gxh3 Nb4 20. Rg1
Bxf3+ 21. Rg2 Nxd3 22. cxd3 Bb4 23. Kg1 Bxg2 24. Kxg2 Rxd3 25. a3 Bd6 26. b4
Rc8 27. Re1 Rc2 28. Ba1 Rxa3 29. Bd4 Bxb4 30. Rd1 Rxe2+ 31. Kf3 Rf2+ 32. Ke4 e2
33. Bxb6 exd1=Q 34. Bxf2 Qe2+ 35. Kf4 Qxf2+ 36. Ke5 Re3+ 37. Kd4 Qf4# 0-1

[Event "Detroit (MI Team/1/4/3)"]
[Site "?"]
[Date "1996.??.??"]
[Round "?"]
[White "Kirk, A."]
[Black "Smith, Mike A"]
[Result "0-1"]
[WhiteElo "1605"]
[BlackElo "1940"]
[PlyCount "24"]
[EventDate "1996.??.??"]

{1/4} 1. d4 Nf6 2. c4 c5 3. dxc5 e6 4. b4 a5 5. bxa5 Bxc5 6. Bg5 Qxa5+ 7. Qd2
Bb4 8. Bxf6 gxf6 9. Qxb4 Qxb4+ 10. Nd2 Nc6 11. Rb1 Qc3 12. Rb3 Qc1# 0-1

[Event "Detroit (MI Team/2/4/3)"]
[Site "?"]
[Date "1996.??.??"]
[Round "?"]
[White "Kirk, A."]
[Black "Goerke, Daniel"]
[Result "0-1"]
[WhiteElo "1605"]
[BlackElo "1605"]
[PlyCount "92"]
[EventDate "1996.??.??"]

{2/4} 1. d4 d5 2. e3 Nc6 3. Nc3 Nf6 4. Nf3 Bg4 5. Be2 Bxf3 6. Bxf3 e5 7. dxe5
Nxe5 8. Nxd5 Nxf3+ 9. gxf3 Nxd5 10. e4 Nb4 11. Qxd8+ Rxd8 12. O-O Nxc2 13. Rb1
Nd4 14. f4 Bd6 15. Rd1 Nf3+ 16. Kg2 Nh4+ 17. Kg3 Ng6 18. e5 Be7 19. Rxd8+ Bxd8
20. Be3 a6 21. Re1 O-O 22. Bc5 Re8 23. f5 Nxe5 24. Kf4 f6 25. a4 Nd3+ 26. Kf3
Nxe1+ 27. Kf4 Be7 28. Ba7 b5 29. axb5 axb5 30. Be3 Bd6+ 31. Kg4 Bxh2 32. f4
Rxe3 33. b4 Nd3 34. Kh5 g6+ 35. Kg4 gxf5+ 36. Kxf5 Bxf4 37. Kxf6 Bd6 38. Kf5
Bxb4 39. Kg5 Rf3 40. Kg4 Ne5+ 41. Kh4 c5 42. Kg5 c4 43. Kh4 c3 44. Kg5 c2 45.
Kh4 c1=Q 46. Kh5 Rh3# 0-1

[Event "Eastpointe (EDO/3/12)"]
[Site "?"]
[Date "1996.??.??"]
[Round "?"]
[White "Kinney, G."]
[Black "Thurman, John"]
[Result "0-1"]
[WhiteElo "1605"]
[BlackElo "1730"]
[PlyCount "88"]
[EventDate "1996.??.??"]

{3/(12)} 1. d4 Nf6 2. c4 e6 3. Nc3 Bb4 4. Nf3 O-O 5. Qc2 d5 6. cxd5 exd5 7. Bf4
Ne4 8. Nd2 Re8 9. e3 c6 10. Bd3 Bxc3 11. bxc3 Nf6 12. Bg5 h6 13. Bh4 g5 14. Bg3
Qe7 15. O-O c5 16. Bb5 Bd7 17. Rab1 Nc6 18. Nf3 Rac8 19. Qe2 Ne4 20. Rbc1 Nxg3
21. hxg3 Bg4 22. Ba4 cxd4 23. cxd4 Qf6 24. Bxc6 Rxc6 25. Qb5 Bxf3 26. gxf3 Rec8
27. Rxc6 Qxc6 28. Rb1 b6 29. Kg2 f6 30. Qd3 Qc2 31. Qxc2 Rxc2 32. Rb5 Rxa2 33.
Rxd5 Kf7 34. f4 Ke7 35. e4 Ra5 36. Kf3 Rxd5 37. exd5 a5 38. fxg5 hxg5 39. Ke3
a4 40. Kd3 a3 41. Kc3 b5 42. f4 gxf4 43. gxf4 Kd6 44. Kb3 b4 0-1

[Event "Detroit (WCO/4/9)"]
[Site "?"]
[Date "1996.??.??"]
[Round "?"]
[White "Kinney, G."]
[Black "Sobh, S."]
[Result "0-1"]
[WhiteElo "1605"]
[BlackElo "1605"]
[PlyCount "84"]
[EventDate "1996.??.??"]

{4/(9)} 1. Nf3 d5 2. c4 Bf5 3. Nc3 d4 4. Nb5 c5 5. Qa4 Bd7 6. Ne5 Nc6 7. Nxd7
Qxd7 8. d3 e6 9. Bf4 Rc8 10. Nxa7 Ra8 11. g3 Rxa7 12. Qb5 Bd6 13. Bg5 Nge7 14.
Bg2 O-O 15. Qb6 Rfa8 16. a3 Nb4 17. O-O Nbc6 18. Qb3 Rb8 19. Bd2 Na5 20. Qd1 b5
21. b3 b4 22. a4 Nf5 23. e3 e5 24. Bh3 Nxe3 25. Bxd7 Nxd1 26. Raxd1 Rxd7 27.
Rb1 h6 28. f4 exf4 29. Bxf4 Re8 30. Bd2 Re2 31. Bf4 Bxf4 32. Rxf4 g6 33. Rf6
Re6 34. Rf4 Rde7 35. Kf1 Re3 36. Rf6 R7e6 37. Rf2 Rxd3 38. Kg2 Nxb3 39. Rbf1
Rd2 40. Rxd2 Nxd2 41. Ra1 Nxc4 42. a5 Ra6 0-1

[Event "Detroit (WCO/2/13)"]
[Site "?"]
[Date "1996.??.??"]
[Round "?"]
[White "Kinney, G."]
[Black "Midgett, E."]
[Result "1-0"]
[WhiteElo "1605"]
[BlackElo "1605"]
[PlyCount "53"]
[EventDate "1996.??.??"]

{2/(13)} 1. Nf3 d5 2. d4 Nc6 3. Bf4 h6 4. h3 Bf5 5. Na3 Nb4 6. c3 Nc6 7. e3 e6
8. Qb3 Qb8 9. Nb5 g5 10. Bxc7 Qc8 11. Bd6 Bxd6 12. Nxd6+ Kd7 13. Nxc8 Rxc8 14.
Qxb7+ Kd8 15. Qxf7 Rc7 16. Qf8+ Kd7 17. Bb5 Rb7 18. Qg7+ Kd6 19. Qxh8 Nge7 20.
Bxc6 Rxb2 21. Qd8+ Kxc6 22. Ne5+ Kb7 23. Qxe7+ Ka6 24. Qa3+ Kb7 25. Qxb2+ Ka8
26. Nc6 Bd3 27. Qb8# 1-0

[Event "Eastpointe (EDO/1/8)"]
[Site "?"]
[Date "1996.??.??"]
[Round "?"]
[White "Kinney, G."]
[Black "Kulbacki, James"]
[Result "0-1"]
[WhiteElo "1605"]
[BlackElo "1915"]
[PlyCount "77"]
[EventDate "1996.??.??"]

{1/(8)} 1. d4 Nf6 2. c4 c5 3. d5 b5 4. cxb5 a6 5. e3 g6 6. b3 Bg7 7. Bb2 axb5
8. Nf3 O-O 9. Qc2 Qb6 10. e4 d6 11. Bd3 Nbd7 12. Nbd2 Ba6 13. O-O Rfb8 14. Rfe1
c4 15. Bd4 cxd3 16. Qxd3 Qd8 17. Rac1 b4 18. Nc4 Bb5 19. Qb1 Rc8 20. Qb2 Ne8
21. e5 Bxc4 22. bxc4 dxe5 23. Nxe5 Nxe5 24. Bxe5 Bxe5 25. Qxe5 Rxa2 26. Qxe7
Qxe7 27. Rxe7 Kf8 28. Ree1 b3 29. Rb1 Rxc4 30. Rxb3 Rd4 31. Rb8 Re2 32. Kf1
Rxe1+ 33. Kxe1 Rxd5 34. Ke2 Re5+ 35. Kd3 Kg7 36. f4 Re1 37. Rb3 Kf6 38. Kd2 Rg1
39. g3 0-1

[Event "Detroit (WCO/5/10)"]
[Site "?"]
[Date "1996.??.??"]
[Round "?"]
[White "Kinney, G."]
[Black "Hollinsworth, Galon"]
[Result "1-0"]
[WhiteElo "1605"]
[BlackElo "1605"]
[PlyCount "59"]
[EventDate "1996.??.??"]

{5/(10)} 1. Nf3 Nc6 2. c4 e5 3. e4 Nf6 4. Nc3 Be7 5. Be2 O-O 6. O-O d6 7. d4
exd4 8. Nxd4 Nxd4 9. Qxd4 c5 10. Qd3 Be6 11. Rd1 Nd7 12. Qg3 Ne5 13. Nd5 Bh4
14. Qb3 b6 15. Bf4 Bxd5 16. Rxd5 Qf6 17. g3 g5 18. Bxe5 dxe5 19. gxh4 gxh4 20.
Qf3 Qe7 21. Rad1 Rad8 22. Kh1 Kh8 23. Rxd8 Rxd8 24. Rxd8+ Qxd8 25. Qxf7 Qg8 26.
Qxa7 h3 27. Bf1 Qg4 28. Qb8+ Kg7 29. Qxe5+ Kg8 30. Qg3 1-0

[Event "Flint (MI Jr/1/14)"]
[Site "?"]
[Date "1996.??.??"]
[Round "?"]
[White "King, Kenny"]
[Black "Lourin, E."]
[Result "1-0"]
[WhiteElo "1605"]
[BlackElo "1605"]
[PlyCount "57"]
[EventDate "1996.??.??"]

{1/(14)} 1. d4 Nf6 2. c4 d5 3. Nf3 Bf5 4. e3 e6 5. Nc3 Nc6 6. Bd3 Bxd3 7. Qxd3
Bb4 8. O-O O-O 9. cxd5 exd5 10. Bd2 h6 11. Rfc1 Re8 12. a3 Ba5 13. Qb5 Bb6 14.
Na4 Ne4 15. Rc2 Re6 16. Rac1 Nxd2 17. Nxd2 Qd7 18. Nc5 Bxc5 19. Rxc5 Rd8 20. b3
Re7 21. Qxb7 Nxd4 22. exd4 Qe8 23. Rxc7 Re1+ 24. Rxe1 Qxe1+ 25. Nf1 Re8 26.
Rxf7 Rf8 27. Rxg7+ Kh8 28. Rh7+ Kg8 29. Qg7# 1-0

[Event "Flint (MI Jr/5/6)"]
[Site "?"]
[Date "1996.??.??"]
[Round "?"]
[White "King, Kenny"]
[Black "Gentry, Bronson"]
[Result "0-1"]
[WhiteElo "1605"]
[BlackElo "1605"]
[PlyCount "78"]
[EventDate "1996.??.??"]

{5/(6)} 1. d4 c5 2. d5 b5 3. e4 a6 4. c4 b4 5. Qa4 e6 6. dxe6 fxe6 7. Nf3 Be7
8. Bd3 Nc6 9. Bf4 Nf6 10. Qc2 Qa5 11. b3 Nh5 12. Bg5 Bxg5 13. Nxg5 Nd4 14. Qd2
Nxb3 15. Qe3 Nxa1 16. Qf3 b3+ 17. Kf1 bxa2 18. Qf7+ Kd8 19. Qxh5 axb1=Q+ 20.
Bxb1 Rf8 21. Nf7+ Rxf7 22. Qxf7 Qd2 23. g3 Rb8 24. Qf8+ Kc7 25. Qxc5+ Kd8 26.
Qf8+ Kc7 27. Qc5+ Kb7 28. e5 Ka8 29. Be4+ Bb7 30. Bxb7+ Kxb7 31. Kg2 Nb3 32.
Rb1 Qc2 33. Qb4+ Ka7 34. Qd6 Qxb1 35. Qxd7+ Rb7 36. Qxe6 Qe4+ 37. Kh3 h5 38.
Qd6 g5 39. c5 Nd4 0-1

[Event "Ann Arbor (Mini-Swiss/2/11)"]
[Site "?"]
[Date "1996.??.??"]
[Round "?"]
[White "King, Kenny"]
[Black "Gaiefsky, Joey"]
[Result "1-0"]
[WhiteElo "1605"]
[BlackElo "1605"]
[PlyCount "51"]
[EventDate "1996.??.??"]

{2/(11)} 1. d4 d5 2. c4 e6 3. Nc3 Bb4 4. Qa4+ Nc6 5. e3 Bd7 6. Qc2 Nf6 7. Bd3
e5 8. cxd5 Nxd5 9. Nge2 exd4 10. exd4 Nxc3 11. bxc3 Bd6 12. Bxh7 Qe7 13. Be4
O-O-O 14. h3 g6 15. Rb1 f5 16. Bd3 Rde8 17. Qb2 Na5 18. O-O g5 19. Ng3 g4 20.
Nxf5 Bxf5 21. Bxf5+ Kd8 22. Bxg4 Rhg8 23. f3 Qh4 24. Qb5 Nc6 25. Qf5 Qe7 26.
Qc8# 1-0

[Event "Flint (MI Jr/3/12)"]
[Site "?"]
[Date "1996.??.??"]
[Round "?"]
[White "King, Kenny"]
[Black "Banks, David"]
[Result "1-0"]
[WhiteElo "1605"]
[BlackElo "1605"]
[PlyCount "123"]
[EventDate "1996.??.??"]

{3/(12)} 1. d4 e6 2. c4 d5 3. Nc3 dxc4 4. e3 Nc6 5. Nf3 Nf6 6. Bxc4 Bd6 7. O-O
O-O 8. Bd2 a6 9. Rc1 Bb4 10. a3 Bxc3 11. Bxc3 b5 12. Bd3 Bb7 13. Bb1 Ne7 14.
Bb4 Re8 15. Ne5 Ned5 16. Bd2 Nb6 17. f3 Nbd7 18. Nc6 Bxc6 19. Rxc6 e5 20. dxe5
Nxe5 21. Rc2 Nc4 22. e4 Qd4+ 23. Kh1 Rad8 24. Qe2 Nd5 25. Bc3 Nxc3 26. Rxc3 c5
27. Bd3 Ne3 28. Rfc1 c4 29. Bc2 Re6 30. Qxe3 Qe5 31. Rd1 Rxd1+ 32. Bxd1 f5 33.
Bc2 fxe4 34. Bxe4 Rd6 35. Bc2 Qh5 36. b3 Qf7 37. bxc4 Re6 38. Qd2 Kf8 39. Qd4
Qe7 40. Rd3 bxc4 41. Qxc4 Rd6 42. Rxd6 Qxd6 43. Qd3 Qf6 44. Kg1 Qa1+ 45. Kf2
Qb2 46. Kg3 Qe5+ 47. f4 Qf6 48. Qxh7 g5 49. Qf5 gxf4+ 50. Kxf4 Qxf5+ 51. Kxf5
Kg7 52. Bd3 a5 53. h4 a4 54. g4 Kf8 55. Kf6 Kg8 56. Bf5 Kh8 57. g5 Kg8 58. g6
Kh8 59. g7+ Kg8 60. Be6+ Kh7 61. g8=Q+ Kh6 62. Qh8# 1-0

[Event "Ann Arbor (Mini-Swiss/1/15)"]
[Site "?"]
[Date "1996.??.??"]
[Round "?"]
[White "King, Edwin"]
[Black "Murray, L."]
[Result "1-0"]
[WhiteElo "1605"]
[BlackElo "1605"]
[PlyCount "97"]
[EventDate "1996.??.??"]

{1/(15)} 1. e4 c5 2. Nf3 e6 3. d4 cxd4 4. Nxd4 Nc6 5. Nc3 Qc7 6. Be3 a6 7. Be2
Nf6 8. Qd2 Be7 9. f3 O-O 10. g4 d6 11. g5 Nd7 12. Nb3 Nde5 13. f4 Ng6 14. h4
Nh8 15. Nd4 f6 16. Bf3 e5 17. Nd5 Qd8 18. Nxc6 bxc6 19. Nb6 Rb8 20. Nxc8 Qxc8
21. b3 d5 22. exd5 Rd8 23. O-O-O Ba3+ 24. Kb1 cxd5 25. Bxd5+ Rxd5 26. Qxd5+ Nf7
27. Rd3 Rb5 28. Qd7 Qxd7 29. Rxd7 exf4 30. Bxf4 fxg5 31. hxg5 Nxg5 32. Bxg5
Rxg5 33. Rf1 h5 34. Rd4 Rg2 35. Rh4 g6 36. Ra4 Be7 37. Rxa6 h4 38. Ra8+ Kg7 39.
Ra7 h3 40. Rh1 h2 41. Rxe7+ Kh6 42. Ree1 g5 43. a4 g4 44. a5 g3 45. a6 Rf2 46.
Re8 g2 47. Rxh2+ Kg5 48. Rxg2+ Rxg2 49. Rg8+ 1-0

[Event "Ann Arbor (Mini-Swiss/2/10)"]
[Site "?"]
[Date "1996.??.??"]
[Round "?"]
[White "King, Billy"]
[Black "Solon, Nathan"]
[Result "1-0"]
[WhiteElo "1605"]
[BlackElo "1605"]
[PlyCount "79"]
[EventDate "1996.??.??"]

{2/(10)} 1. e4 c5 2. Nf3 d6 3. d4 cxd4 4. Nxd4 Nf6 5. Nc3 g6 6. Be2 Bg7 7. Be3
O-O 8. Qd2 Nc6 9. O-O-O Bd7 10. f3 a6 11. g4 b5 12. Nxc6 Bxc6 13. Nd5 Bxd5 14.
exd5 Rc8 15. h4 Qc7 16. c3 b4 17. c4 Qb7 18. h5 Nd7 19. Bh6 Nf6 20. Bxg7 Kxg7
21. hxg6 fxg6 22. Qh6+ Kg8 23. g5 Nh5 24. Rxh5 Rf7 25. Rh2 Qb6 26. Kb1 Qb7 27.
Bd3 Rg7 28. Rdh1 Rf8 29. Qh3 Qb6 30. Qe6+ Rff7 31. Bxg6 Rxg6 32. Qxg6+ Kf8 33.
Rxh7 Rxh7 34. Qxh7 Qf2 35. Qh8+ Kf7 36. Rh7+ Kg6 37. Qg7+ Kf5 38. Qf7+ Ke5 39.
Qxe7+ Kd4 40. Qa7+ 1-0

[Event "Ann Arbor (Mini-Swiss/1/16)"]
[Site "?"]
[Date "1996.??.??"]
[Round "?"]
[White "King, Billy"]
[Black "Scott, T."]
[Result "1-0"]
[WhiteElo "1605"]
[BlackElo "1605"]
[PlyCount "65"]
[EventDate "1996.??.??"]

{1/(16)} 1. e4 c5 2. Nf3 Nc6 3. d4 cxd4 4. Nxd4 e5 5. Nb5 a6 6. Nd6+ Bxd6 7.
Qxd6 Qe7 8. Qxe7+ Ncxe7 9. c4 Nf6 10. Nc3 O-O 11. Bg5 Ng6 12. Bxf6 gxf6 13. Nd5
Kg7 14. Rd1 d6 15. Nb6 Rb8 16. Rxd6 Be6 17. Be2 Nf4 18. f3 Nxg2+ 19. Kf2 Nf4
20. Rhd1 Kh6 21. Nd7 Rg8 22. Bf1 Rbc8 23. Nxf6 Rg6 24. Nd5 Bxd5 25. Rxg6+ fxg6
26. exd5 Rd8 27. d6 Kg7 28. c5 Kf6 29. Bc4 g5 30. b4 Rd7 31. b5 a5 32. c6 bxc6
33. bxc6 1-0

[Event "Flint (MI Ch Spon/2)"]
[Site "?"]
[Date "1996.??.??"]
[Round "?"]
[White "King, Billy"]
[Black "Poniatowski, Don"]
[Result "1/2-1/2"]
[WhiteElo "1605"]
[BlackElo "1605"]
[PlyCount "69"]
[EventDate "1996.??.??"]

1. e4 Nf6 2. e5 Nd5 3. c4 Nb6 4. d4 d6 5. f4 dxe5 6. fxe5 Nc6 7. Nf3 Bg4 8. Be3
e6 9. Be2 Bxf3 10. Bxf3 Nxc4 11. Qa4 Nxe3 12. Bxc6+ bxc6 13. Qxc6+ Ke7 14. Ke2
Nd5 15. Nc3 Nxc3+ 16. bxc3 Rb8 17. Rab1 Rb6 18. Rxb6 axb6 19. Rd1 Qd7 20. Qb7
f6 21. d5 Kf7 22. dxe6+ Qxe6 23. Qxc7+ Be7 24. Kf2 fxe5 25. Re1 Kf6 26. Kg1 Rc8
27. Rf1+ Kg6 28. Qb7 Rc6 29. Qa6 Rxc3 30. Qe2 Bf6 31. Qe4+ Kf7 32. Qb7+ Kg6 33.
Qe4+ Kf7 34. Qb7+ Kg6 35. Qe4+ 1/2-1/2

[Event "Flint (MI Jr Spon/4)"]
[Site "?"]
[Date "1996.??.??"]
[Round "?"]
[White "King, Billy"]
[Black "Menczer, David"]
[Result "1-0"]
[WhiteElo "1605"]
[BlackElo "1605"]
[PlyCount "45"]
[EventDate "1996.??.??"]

1. e4 e5 2. Nf3 Nf6 3. Nxe5 d6 4. Nf3 Nxe4 5. d4 h6 6. d5 Nf6 7. c4 Bg4 8. h3
Bh5 9. Be2 Qe7 10. O-O Nbd7 11. Re1 O-O-O 12. Bd3 Ne5 13. Bf4 Bxf3 14. gxf3
Nxf3+ 15. Qxf3 Qxe1+ 16. Kg2 g5 17. Bd2 Qd1 18. Qxf6 Bg7 19. Qxg7 Rde8 20. Bf5+
Kd8 21. Bc3 Rhg8 22. Bf6+ Re7 23. Qxg8# 1-0

[Event "Flint (MI Ch Spon/4)"]
[Site "?"]
[Date "1996.??.??"]
[Round "?"]
[White "King, Billy"]
[Black "Durkee, David"]
[Result "1/2-1/2"]
[WhiteElo "1605"]
[BlackElo "1775"]
[PlyCount "118"]
[EventDate "1996.??.??"]

1. e4 c5 2. Nf3 d6 3. d4 cxd4 4. Nxd4 Nf6 5. Nc3 a6 6. Be2 g6 7. Be3 Bg7 8. Qd2
O-O 9. f3 Nbd7 10. O-O-O b5 11. a3 Ne5 12. Bh6 Bd7 13. g4 Qc7 14. Bxg7 Kxg7 15.
h4 h5 16. gxh5 Nxh5 17. f4 Nc4 18. Qd3 e5 19. Bxh5 exd4 20. Qxd4+ Kg8 21. Rdg1
Qc5 22. Qf6 Qxh5 23. f5 Ne5 24. Qxd6 Rfe8 25. Nd5 Qh6+ 26. Kb1 Nc4 27. Qxd7
Rad8 28. Qc6 Qg7 29. Qf6 Rxe4 30. fxg6 Kf8 31. gxf7 Qxf6 32. Nxf6 Rf4 33. Nh7+
Kxf7 34. Ng5+ Kf6 35. Kc1 Rh8 36. Nh3 Rfxh4 37. Rf1+ Ke5 38. Re1+ Kf5 39. Nf2
Rxh1 40. Rxh1 Rxh1+ 41. Nxh1 Ke4 42. Nf2+ Kd4 43. c3+ Ke3 44. Ng4+ Kd3 45. Nf6
a5 46. Nd5 a4 47. Nc7 Nd6 48. Kd1 Kc4 49. Kc2 Ne4 50. Ne6 Nf2 51. Nd4 Ne4 52.
Nc6 Nc5 53. Na5+ Kd5 54. b3 axb3+ 55. Nxb3 Na4 56. Na5 Kc5 57. Kd3 Nb2+ 58. Ke4
Nc4 59. Nb3+ Kb6 1/2-1/2

[Event "Lansing (MOR/7/7)"]
[Site "?"]
[Date "1996.??.??"]
[Round "?"]
[White "Khraizat, Ali"]
[Black "Sobh, Hassan"]
[Result "1-0"]
[WhiteElo "1605"]
[BlackElo "1780"]
[PlyCount "109"]
[EventDate "1996.??.??"]

{7/(7)} 1. c4 Nf6 2. Nc3 e6 3. d4 d5 4. Nf3 c6 5. e3 Nbd7 6. Bd2 Nb6 7. cxd5
exd5 8. h3 Bf5 9. Nh4 Qd7 10. Qf3 Be6 11. Bd3 Bd6 12. Nf5 Bxf5 13. Bxf5 Qe7 14.
O-O Nc4 15. Bc1 Bc7 16. b3 Qd6 17. g3 Nb6 18. Bb2 g6 19. Bd3 Qe7 20. Kg2 Nc8
21. Na4 b6 22. Ba3 Ne4 23. Bxe4 dxe4 24. Qe2 Bd6 25. Bxd6 Qxd6 26. Rac1 O-O 27.
Rc2 Qf6 28. Qg4 Re8 29. Rfc1 h5 30. Qd7 Ne7 31. Qc7 Qf3+ 32. Kg1 Qf5 33. Kh2 g5
34. Qd6 Kg7 35. Qe5+ Qxe5 36. dxe5 Rad8 37. Nc3 c5 38. Nxe4 g4 39. hxg4 hxg4
40. Nf6 Rh8+ 41. Kg2 Rh3 42. Nxg4 Rdh8 43. Rd1 Kg6 44. Rcc1 Kg5 45. Kf3 Ng6 46.
Rd5 Nh4+ 47. Ke2 Nf5 48. Rc4 Rh1 49. Nf6 R8h2 50. Rg4+ Kh6 51. Rd7 Ra1 52. Rxf7
Rxa2+ 53. Kd3 c4+ 54. Ke4 Nxg3+ 55. fxg3 1-0

[Event "Lansing (MOR/2/6)"]
[Site "?"]
[Date "1996.??.??"]
[Round "?"]
[White "Khraizat, Ali"]
[Black "Saulmon, Scott"]
[Result "0-1"]
[WhiteElo "1605"]
[BlackElo "1715"]
[PlyCount "64"]
[EventDate "1996.??.??"]

{2/(6)} 1. c4 Nf6 2. Nc3 g6 3. Nf3 Bg7 4. d4 O-O 5. e4 d6 6. h3 Nbd7 7. Be3 e5
8. dxe5 dxe5 9. Be2 b6 10. Qa4 Bb7 11. Rd1 Qe7 12. O-O a5 13. Bg5 Qe6 14. Bxf6
Nc5 15. Qc2 Bxf6 16. Nd5 Bxd5 17. Rxd5 c6 18. Rd2 Rad8 19. Rfd1 Rxd2 20. Rxd2
Rd8 21. Rxd8+ Bxd8 22. Qc3 Bf6 23. Nd2 Bg5 24. f3 Qd6 25. Nf1 Ne6 26. Qd3 Qc5+
27. Kh1 Nf4 28. Qc2 Qf2 29. Bd3 Qd4 30. Be2 Be7 31. Ng3 Qf2 32. Kh2 Qxg2# 0-1

[Event "Detroit (WCO/2/2)"]
[Site "?"]
[Date "1996.??.??"]
[Round "?"]
[White "Khraizat, Ali"]
[Black "Moody, David"]
[Result "0-1"]
[WhiteElo "1605"]
[BlackElo "2000"]
[PlyCount "52"]
[EventDate "1996.??.??"]

{2/(2)} 1. e4 e5 2. Bc4 Nf6 3. d3 Nc6 4. Ne2 Bc5 5. Be3 d6 6. Bxc5 dxc5 7. h3
Qe7 8. Nd2 Be6 9. Bxe6 Qxe6 10. Ng3 O-O-O 11. Nb3 c4 12. Nc1 h5 13. Qe2 Nd4 14.
Qd1 h4 15. Nge2 Nxe4 16. Nxd4 Rxd4 17. Qe2 Ng5 18. O-O Rh6 19. Re1 Nxh3+ 20.
gxh3 Qxh3 21. f3 Rg6+ 22. Kf2 Rg2+ 23. Ke3 Rxe2+ 24. Nxe2 Rd6 25. Rh1 Qf5 26.
Rxh4 Qg5+ 0-1

[Event "Lansing (MOR/4/14)"]
[Site "?"]
[Date "1996.??.??"]
[Round "?"]
[White "Khraizat, Ali"]
[Black "Jointer, William"]
[Result "1-0"]
[WhiteElo "1605"]
[BlackElo "1710"]
[PlyCount "121"]
[EventDate "1996.??.??"]

{4/(14)} 1. c4 e5 2. Nc3 Nf6 3. Nf3 Nc6 4. d4 exd4 5. Nxd4 Bc5 6. Nxc6 bxc6 7.
h3 O-O 8. Bg5 h6 9. Bh4 g5 10. Bg3 d5 11. e3 Re8 12. Be2 Bb4 13. Qc1 Ne4 14.
Bh2 Qf6 15. O-O Bxc3 16. bxc3 Nxc3 17. Bf3 d4 18. exd4 Qxd4 19. Kh1 Qf6 20. Qb2
Bxh3 21. Rac1 g4 22. Bd1 Bxg2+ 23. Kxg2 c5 24. Qxc3 Qc6+ 25. Kg1 h5 26. Qg3
Rad8 27. Qg2 Qg6 28. Ba4 Re6 29. Rce1 Ra6 30. Re8+ Rxe8 31. Bxe8 h4 32. Bd7 h3
33. Qa8+ Kg7 34. Be5+ f6 35. Bh2 Qg5 36. Qe8 Rxa2 37. Be6 g3 38. Qg8+ Kh6 39.
Qxg5+ Kxg5 40. Bxg3 f5 41. Bxc7 a5 42. Be5 Re2 43. f4+ Kg4 44. Bd5 Re3 45. Bd6
a4 46. Bxc5 Rb3 47. Bd6 a3 48. Ra1 h2+ 49. Kxh2 Rb2+ 50. Bg2 a2 51. Be5 Rc2 52.
c5 Rxc5 53. Rxa2 Rc8 54. Bd5 Rd8 55. Rg2+ Kh5 56. Bf7+ Kh6 57. Kg3 Rd3+ 58. Kh4
Kh7 59. Rh2 Kh6 60. Rh3 Rd1 61. Kg3# 1-0

[Event "Lansing (MOR/5/13)"]
[Site "?"]
[Date "1996.??.??"]
[Round "?"]
[White "Khraizat, Ali"]
[Black "Dunlap, Robert"]
[Result "1/2-1/2"]
[WhiteElo "1605"]
[BlackElo "1675"]
[PlyCount "131"]
[EventDate "1996.??.??"]

{5/(13)} 1. c4 Nf6 2. Nc3 g6 3. d4 Bg7 4. Nf3 d6 5. e4 Nbd7 6. h3 e5 7. dxe5
dxe5 8. Be3 O-O 9. Be2 Qe7 10. Nd5 Nxd5 11. cxd5 Qb4+ 12. Nd2 Qxb2 13. O-O Qa3
14. Qc1 Qd6 15. Qc2 c5 16. dxc6 Qxc6 17. Rfc1 Qxc2 18. Rxc2 b6 19. Rc7 Nf6 20.
Bc4 Bd7 21. Bb3 Rfc8 22. Rac1 Ne8 23. Bxf7+ Kf8 24. Rxc8 Rxc8 25. Rxc8 Bxc8 26.
Bb3 Ba6 27. Nc4 Ke7 28. Bd2 Bxc4 29. Bxc4 Nc7 30. Bb4+ Kd7 31. Bg8 h6 32. Bf7
g5 33. g3 Ne6 34. Kg2 a5 35. Ba3 b5 36. Kf3 b4 37. Bc1 Ke7 38. Bg8 Kf6 39. Kg4
a4 40. Kh5 Bf8 41. h4 gxh4 42. Kxh4 Bc5 43. f4 Bd4 44. f5 Nc5 45. g4 Nxe4 46.
Bxh6 Bf2+ 47. Kh3 Ng5+ 48. Kg2 Be3 49. Bxg5+ Kxg5 50. Kf3 Bc5 51. Be6 Bf8 52.
Bd5 Kf6 53. Ke4 Bh6 54. Kd3 Kg5 55. Bf3 Kf4 56. Bd1 a3 57. Kc4 Bf8 58. Kd5 e4
59. f6 e3 60. Kc4 Ke4 61. g5 Kf5 62. Kd3 Bc5 63. f7 Kxg5 64. f8=Q Bxf8 65. Kxe3
Kf5 66. Bb3 1/2-1/2

[Event "Lansing (MI Op/2/6)"]
[Site "?"]
[Date "1996.??.??"]
[Round "?"]
[White "Kende, M."]
[Black "Ward, Tom"]
[Result "0-1"]
[WhiteElo "2020"]
[BlackElo "2215"]
[PlyCount "116"]
[EventDate "1996.??.??"]

{2/(6)} 1. d4 Nf6 2. Nf3 e6 3. Bf4 c5 4. c3 cxd4 5. cxd4 Bb4+ 6. Nc3 O-O 7. a3
Nd5 8. Bd2 Nxc3 9. bxc3 Be7 10. e4 f5 11. exf5 Rxf5 12. Bd3 Rf8 13. Qc2 h6 14.
Bh7+ Kh8 15. Ne5 Rf6 16. Bg6 Kg8 17. Ng4 Rf8 18. Bh7+ Kh8 19. Ne5 Rf6 20. Bg6
Kg8 21. Ng4 Rf8 22. Nxh6+ gxh6 23. Bxh6 Bg5 24. Bxf8 Kxf8 25. O-O Nc6 26. f4
Bf6 27. Rad1 Ne7 28. Be4 d5 29. Bd3 Qc7 30. Qd2 Bd7 31. Rc1 Rc8 32. Kh1 Qd6 33.
Qb2 b6 34. Qb4 Nf5 35. Bxf5 Qxb4 36. cxb4 exf5 37. Rxc8+ Bxc8 38. Rd1 a5 39. b5
a4 40. g3 Bd7 41. Kg2 Bxb5 42. Kf3 Bc4 43. Ke3 Be7 44. Ra1 b5 45. h3 Bb3 46.
Kd3 b4 47. axb4 Bxb4 48. g4 Bd6 49. Ke3 a3 50. Kd3 a2 51. Kc3 Bc4 52. gxf5 Bxf4
53. Kb2 Be3 54. Rd1 Kf7 55. Kc3 Kf6 56. Ra1 Kxf5 57. Rd1 Bf2 58. Kb2 Ke4 0-1

[Event "Lansing (MI Op/6/6)"]
[Site "?"]
[Date "1996.??.??"]
[Round "?"]
[White "Kende, M."]
[Black "Seawald, Dennis"]
[Result "0-1"]
[WhiteElo "2020"]
[BlackElo "2285"]
[PlyCount "36"]
[EventDate "1996.??.??"]

{6/(6)} 1. d4 Nf6 2. Nf3 g6 3. Bf4 Bg7 4. e3 O-O 5. h3 d5 6. Bd3 c5 7. c3 Nbd7
8. Nbd2 b6 9. O-O Bb7 10. Ne5 Rc8 11. a4 Ne4 12. Nxd7 Qxd7 13. a5 Nxd2 14. Qxd2
c4 15. Bc2 b5 16. Qe2 a6 17. Qg4 Qxg4 18. hxg4 h5 {[Remainder illegible; 0-1,
57?]} 0-1

[Event "Lansing (MI Op/4/13)"]
[Site "?"]
[Date "1996.??.??"]
[Round "?"]
[White "Kende, M."]
[Black "Morabito, Matthew"]
[Result "1-0"]
[WhiteElo "2020"]
[BlackElo "1905"]
[PlyCount "71"]
[EventDate "1996.??.??"]

{4/(13)} 1. d4 Nf6 2. Nf3 g6 3. Bf4 Bg7 4. e3 d6 5. h3 Nbd7 6. Be2 O-O 7. O-O
Re8 8. Bh2 c5 9. c3 b6 10. Nbd2 Bb7 11. a4 Rc8 12. a5 Qc7 13. axb6 axb6 14. Qb3
Ra8 15. Ng5 e6 16. Nc4 Bd5 17. Bf3 Bxc4 18. Qxc4 Rxa1 19. Rxa1 h6 20. Ne4 Nxe4
21. Bxe4 Nf6 22. Bf3 Qd7 23. Ra6 d5 24. Qb3 cxd4 25. exd4 Kh7 26. Qxb6 Ne4 27.
Ra7 Qc8 28. Bxe4 dxe4 29. Rxf7 Qa8 30. Ra7 Qc8 31. Be5 Rg8 32. Qc7 Qxc7 33.
Rxc7 g5 34. b4 Kg6 35. Rxg7+ Rxg7 36. Bxg7 1-0

[Event "Lansing (MOR/3/13)"]
[Site "?"]
[Date "1996.??.??"]
[Round "?"]
[White "Kane, Paul"]
[Black "Schell, Ken"]
[Result "1/2-1/2"]
[WhiteElo "1605"]
[BlackElo "1705"]
[PlyCount "64"]
[EventDate "1996.??.??"]

{3/(13)} 1. d4 d5 2. c4 e6 3. Nc3 Nf6 4. Bg5 Nbd7 5. cxd5 exd5 6. Nf3 c6 7. e3
Qa5 8. Nd2 Bb4 9. Qc2 O-O 10. Bd3 Re8 11. O-O g6 12. Rfc1 Be7 13. a3 Nf8 14. b4
Qd8 15. Rab1 Ne6 16. Bh4 Ng7 17. Ne2 a6 18. a4 Bf5 19. Bxf5 Nxf5 20. Bxf6 Bxf6
21. b5 axb5 22. axb5 Qa5 23. bxc6 bxc6 24. Nb3 Qa2 25. Rb2 Qa6 26. Qxc6 Re6 27.
Qxd5 Rd8 28. Qc4 Qa3 29. Rcb1 Qe7 30. Nc5 Rc6 31. Rb7 Qe8 32. Nf4 Nd6 1/2-1/2